000 00319 a2200157 4500
001 63827
020 _a9788576571551
040 _cAnchieta - Pituba
100 _aClarke, Arthur Charles
240 1 0 _a2001
_lpor
245 1 0 _a2001
300 _a2013
362 0 _a2013
650 4 _aFicção inglesa
942 _cBK
999 _c63827
_d63827